| 000 | 00353nam a2200133Ia 4500 | ||
|---|---|---|---|
| 008 | 210430s9999 xx 000 0 und d | ||
| 020 | _a978-0-19-562055-9 | ||
| 082 | _a428.24 T449 P | ||
| 100 | _aA.J.Thomson | ||
| 245 | 2 |
_aA Practical English Grammar Exercises 2 _cA.J.Thomson |
|
| 260 |
_aIndia _bOxford _c1987 |
||
| 300 | _a199 p | ||
| 942 |
_cBK _2ddc |
||
| 999 |
_c565077 _d565077 |
||